MARC details
| 000 -CABECERA |
| campo de control de longitud fija |
01113nam a2200241 a 4500 |
| 001 - NÚMERO DE CONTROL |
| campo de control |
000042937 |
| 005 - FECHA Y HORA DE LA ÚLTIMA TRANSACCIÓN |
| campo de control |
20201002040519.0 |
| 008 - DATOS DE LONGITUD FIJA--INFORMACIÓN GENERAL |
| campo de control de longitud fija |
140213s2010 sp ab 000 0 spa d |
| 020 ## - NÚMERO INTERNACIONAL ESTÁNDAR DEL LIBRO |
| Número Internacional Estándar del Libro |
9788497815963 |
| 040 ## - FUENTE DE LA CATALOGACIÓN |
| Centro catalogador/agencia de origen |
DO-SdBNP |
| Lengua de catalogación |
spa |
| Centro/agencia transcriptor |
BNPHU |
| 082 ## - NÚMERO DE LA CLASIFICACIÓN DECIMAL DEWEY |
| Número de clasificación |
xxxx |
| Número de documento/Ítem |
xxxx |
| 100 1# - ENTRADA PRINCIPAL--NOMBRE DE PERSONA |
| Nombre de persona |
Sarramon, Jean |
| 9 (RLIN) |
70421 |
| 245 10 - MENCIÓN DE TÍTULO |
| Título |
Contribución a la historia de La Guerra de la Independencia de la Península Ibérica contra Napoleón I / |
| Mención de responsabilidad, etc. |
Jean Sarramon ; traducción e ilustraciones, José Pardo de Santayana y Gómez de Olea. |
| 260 ## - PUBLICACIÓN, DISTRIBUCIÓN, ETC. |
| Lugar de publicación, distribución, etc. |
Madrid : |
| Nombre del editor, distribuidor, etc. |
Ministerio de defensa, |
| -- |
Dirección General de Relaciones Institucionales, |
| Fecha de publicación, distribución, etc. |
2010. |
| 300 ## - DESCRIPCIÓN FÍSICA |
| Extensión |
v. 1 : |
| Otras características físicas |
il., mapas ; |
| Dimensiones |
21 cm. |
| 504 ## - NOTA DE BIBLIOGRAFÍA, ETC. |
| Nota de bibliografía, etc. |
Bibliografía : p. 35 |
| 505 0# - NOTA DE CONTENIDO CON FORMATO |
| Información miscelánea |
v. 1. |
| Título |
Quinta fase: "El declive" (junio de 1811-diciembre de 1812), primera parte: "Valencia" (junio de 1811-15 de enero de 1812) |
| 500 ## - NOTA GENERAL |
| Nota general |
Incluye referencia bibliográfica y notas al pie de las páginas |
| 500 ## - NOTA GENERAL |
| Nota general |
La biblioteca posee el v. 1 |
| 700 12 - PUNTO DE ACCESO ADICIONAL--NOMBRE DE PERSONA |
| Nombre de persona |
Sañudo, Juan José |
| Término indicativo de función/relación |
pról. |
| 9 (RLIN) |
70422 |
| 700 12 - PUNTO DE ACCESO ADICIONAL--NOMBRE DE PERSONA |
| Nombre de persona |
Pardo de Santayana, José |
| Término indicativo de función/relación |
tr. |
| 9 (RLIN) |
70423 |
| 700 12 - PUNTO DE ACCESO ADICIONAL--NOMBRE DE PERSONA |
| Nombre de persona |
Gómez de Olea |
| Término indicativo de función/relación |
tr. |
| 9 (RLIN) |
70424 |